Pharma Extract (Record no. 13406)

MARC details
000 -LEADER
fixed length control field 00446nam a22001817a 4500
003 - CONTROL NUMBER IDENTIFIER
control field OSt
008 - FIXED-LENGTH DATA ELEMENTS--GENERAL INFORMATION
fixed length control field 250424b |||||||| |||| 00| 0 eng d
020 ## - INTERNATIONAL STANDARD BOOK NUMBER
International Standard Book Number 9354518885
082 ## - DEWEY DECIMAL CLASSIFICATION NUMBER
Classification number 615.19 BOP
100 ## - MAIN ENTRY--PERSONAL NAME
Personal name Bodhankar, Vinayak.R
245 ## - TITLE STATEMENT
Title Pharma Extract
260 ## - PUBLICATION, DISTRIBUTION, ETC. (IMPRINT)
Place of publication, distribution, etc Delhi
Name of publisher, distributor, etc Narali
Date of publication, distribution, etc 2023
300 ## - PHYSICAL DESCRIPTION
Extent 11.14
650 ## - SUBJECT ADDED ENTRY--TOPICAL TERM
Topical term or geographic name as entry element Pharmaceutical Regulatory Science
700 ## - ADDED ENTRY--PERSONAL NAME
Personal name Shalke, Santosh.D
700 ## - ADDED ENTRY--PERSONAL NAME
Personal name Panjwani,Deepak.T
942 ## - ADDED ENTRY ELEMENTS (KOHA)
Source of classification or shelving scheme Dewey Decimal Classification
Koha item type Text Books
Holdings
Withdrawn status Lost status Source of classification or shelving scheme Damaged status Not for loan Collection code Home library Current library Date acquired Source of acquisition Currency Cost, normal purchase price Bill Number Total Checkouts Full call number Acc. no. / Barcode Date last seen Actual Cost, discounted price Bill Date Koha item type Date last borrowed
    Dewey Decimal Classification     B.Pharma PIET C-LIBRARY PIET C-LIBRARY 15/04/2025 Zafaa Books Distributres Rs 260.00 ZBD0026   615.19 BOP BP2726 24/04/2025 195.00 11/04/2025 Reference Books  
    Dewey Decimal Classification     B.Pharma PIET C-LIBRARY PIET C-LIBRARY 15/04/2025 Zafaa Books Distributres Rs 260.00 ZBD0026 1 615.19 BOP BP2727 11/11/2025 195.00 11/04/2025 Text Books 29/04/2025
    Dewey Decimal Classification     B.Pharma PIET C-LIBRARY PIET C-LIBRARY 15/04/2025 Zafaa Books Distributres Rs 260.00 ZBD0026   615.19 BOP BP2728 24/04/2025 195.00 11/04/2025 Text Books  
    Dewey Decimal Classification     B.Pharma PIET C-LIBRARY PIET C-LIBRARY 15/04/2025 Zafaa Books Distributres Rs 260.00 ZBD0026   615.19 BOP BP2729 24/04/2025 195.00 11/04/2025 Text Books  
    Dewey Decimal Classification     B.Pharma PIET C-LIBRARY PIET C-LIBRARY 15/04/2025 Zafaa Books Distributres Rs 260.00 ZBD0026   615.19 BOP BP2730 24/04/2025 195.00 11/04/2025 Text Books  
    Dewey Decimal Classification     B.Pharma PIET C-LIBRARY PIET C-LIBRARY 15/04/2025 Zafaa Books Distributres Rs 260.00 ZBD0026   615.19 BOP BP2731 24/04/2025 195.00 11/04/2025 Text Books  
    Dewey Decimal Classification     B.Pharma PIET C-LIBRARY PIET C-LIBRARY 15/04/2025 Zafaa Books Distributres Rs 260.00 ZBD0026   615.19 BOP BP2732 24/04/2025 195.00 11/04/2025 Text Books  
    Dewey Decimal Classification     B.Pharma PIET C-LIBRARY PIET C-LIBRARY 15/04/2025 Zafaa Books Distributres Rs 260.00 ZBD0026 1 615.19 BOP BP2733 23/02/2026 195.00 11/04/2025 Text Books 11/02/2026
    Dewey Decimal Classification     B.Pharma PIET C-LIBRARY PIET C-LIBRARY 15/04/2025 Zafaa Books Distributres Rs 260.00 ZBD0026   615.19 BOP BP2734 24/04/2025 195.00 11/04/2025 Text Books  
    Dewey Decimal Classification     B.Pharma PIET C-LIBRARY PIET C-LIBRARY 15/04/2025 Zafaa Books Distributres Rs 260.00 ZBD0026   615.19 BOP BP2735 24/04/2025 195.00 11/04/2025 Text Books  

Design & Developed by: PIET Central Library
R70 Miles Stone Pattikalyana Samalkha Panipat 132102
mail ID :- [email protected], Phone No:- 0180-2569700 Ex.216